Normal view
MARC view
- Takahashi, Patrick
Entry Nombre Personal
001 - NUMERO DE CONTROL
- campo de control: 59504
003 - IDENTIFICADOR DE NUMERO DE CONTROL
- campo de control: MX-MxUPN
005 - FECHA Y HORA DE LA ÜLTIMA TRANSACCIÓN
- campo de control: 20260513124305.0
008 - DATOS DE LONGITUD FIJA
- campo de control de longitud fija: 260513nn fcannaabn a aaa d
040 ## - FUENTE DE CATALOGACIÓN
- Agencia original de catalogación: MX-MxUPN
- Lenguaje de catalogación: spa
100 1# - ENCABEZAMIENTO - NOMBRE PERSONAL
- Nombre personal: Takahashi, Patrick
670 ## - FUENTE EN LA QUE SE LOCALIZARON DATOS
- Cita de la fuente: Enery from the sea, 2003 :
- Información localizada: cubierta (Patrick Takahashi)
902 ## - CATALOGADOR
- Catalogador: VíctorGodínez/130526
